| 000 | 00653nam a2200229 i 4500 | ||
|---|---|---|---|
| 001 | bg | ||
| 245 | 0 | 0 |
_aKrok po kroku po pieniądze do Unii Europejskiej : _bporadnik. |
| 250 | _aWyd. 3. | ||
| 260 |
_aChorzów : _b"Alians", _c[2005]. |
||
| 300 |
_a134 s. ; _c30 cm. |
||
| 500 | _aOpis wg okł. | ||
| 650 | 9 | _aFundusze strukturalne UE | |
| 655 | _aPoradniki | ||
| 020 | _a8392044401 | ||
| 040 | _cBPK | ||
| 041 | 0 | _apol | |
| 080 | _a339.7(4-67)"1989/..."(083.1) | ||
| 920 | _a83-920444-0-1 | ||
| 942 | _cKA | ||
| 008 | s pl f |000 0 pol | ||
| 999 |
_c35155 _d35155 |
||
| 856 |
_uhttp://koha.tu.koszalin.pl/cgi-bin/koha/opac-detail.pl?biblionumber=35155 _yKatalog online BPK |
||